000 00568nam a22001817a 4500
003 CEME
005 20210628203843.0
008 210305b xxu||||| |||| 00| 0 eng d
020 _a0-471-55903-2
040 _c.
082 _a621.384151 BHA'H
100 _aBhattacharyya, Asoke K
_967576
245 _aHigh frequency electromagnetic techniques , recent advances and applications
260 _aNEWYORK
_bJOHN WILEY
_c1995
300 _aXIX,487P
650 _aRADAR-ANTENNAS ELECTROMAGNETIC WAVES-SCATTERING ELECTROMAGNETIC COMPATIBILITY
_967577
942 _cBK
_2ddc
999 _c575319
_d575319